000 00718nas a2200229 4500
001 BR8700965
003 BR-BrBNA
005 20231205090553.0
007 ta
008 230509b bl.|||p| |||| 00| 00por d
040 _aBR-BrBNA
_bpor
_cBiblioteca Nacional de Agricultura
041 _a(Pt)
072 _aF01; E10
110 1 _aCentro do Comercio de Cafe, Rio de Janeiro, RJ (Brasil)
_91682
245 1 _aLuta e gloria da cafeicultura mineira [Brasil]
650 _aCAFE
650 _aPRODUCAO VEGETAL
650 _aMINAS GERAIS
773 0 _tRevista do Comercio de Cafe (Brazil)
_xISSN 0034-9224
_g(Sep 1984), v. 64(700) p. 5-18
_wBR8700965
909 _a202311
_bLúcia
_c55
_dLúcia Elande
942 _2AGRIS
_n0
_cANA
999 _c119419
_d119419